Normal view MARC view

Entry Personal Name

Number of records used in: 1

001 - CONTROL NUMBER

  • control field: 1038

003 - CONTROL NUMBER IDENTIFIER

  • control field: PK-NaQUE

005 - DATE AND TIME OF LATEST TRANSACTION

  • control field: 20260629133908.0

008 - FIXED-LENGTH DATA ELEMENTS

  • fixed length control field: 260629|| aca||aabn | a|a d

040 ## - CATALOGING SOURCE

  • Original cataloging agency: PK-NaQUE
  • Transcribing agency: PK-NaQUE

100 ## - HEADING--PERSONAL NAME

  • Personal name: Nimrah Manzoor
  • Personal name: 21-MEEE-09
  • Personal name: Supervisor - Dr. Abdul Rehman Jatoi

670 ## - SOURCE DATA FOUND

  • Source citation: Work cat.: (PK-NaQUE)69094: Nimrah Manzoor 21-MEEE-09 Supervisor - Dr. Abdul Rehman Jatoi, Reduction of Turbidity From Synthetic Water Using Natural Seeds (Thesis ME), 2025